000 00406nam a2200157Ia 4500
008 230524s9999 xx 000 0 und d
082 _a6.3
_bARO
100 _aSumita Arora
_924012
245 0 _aPioneer Question Bank in Comp-Sc with C++ (Class-XII)
250 _a1ST
260 _aNEW DELHI
_bDhanpat Rai
_c2000
300 _aIV;320
500 _aQuantity Number: 1
650 _aComp-Sc
942 _cBK
999 _c35560
_d35560